Song Titles in Dutch - Statistics

General Stats
  • This quiz has been taken 33 times
  • The average score is 9 of 15
Answer Stats
Song Name in Dutch Answer % Correct
Geld, geld, geld Money, Money, Money
90%
Hier komt de zon Here Comes The Sun
86%
Paarse regen Purple Rain
79%
Het regent mannen It's Raining Men
66%
Ik zal overleven I Will Survive
66%
Leven op een gebed Livin' On A Prayer
66%
Snelweg naar hel Highway to hell
62%
Maak mij wakker voordat je gaat-gaat Wake Me Up Before You Go-Go
62%
Iedereen wil de wereld regeren Everybody Wants to Rule the World
59%
Ik zou altijd van jouw houden I Will Always Love You
55%
Ruikt naar tienergeest Smells Like Teen Spirit
55%
Trap naar de hemel Stairway to Heaven
55%
Wij zijn de brand niet begonnen We Didn't Start the Fire
55%
Gek dingetje genaamd liefde Crazy Little Thing Called Love
21%
Stop niet totdat je genoeg hebt Don’t Stop ’Til You Get Enough
7%
No matching quizzes found
Score Distribution
Percent of People with Each Score
Percentile by Number Answered
Your Score History
You have not taken this quiz